[Event "Milanowek-chA 21st"]
[Site "Milanowek"]
[Date "2015.06.27"]
[Round "6.3"]
[White "Kasperkiewicz, Pawel"]
[Black "Woloszyn, Piotr"]
[Result "1-0"]
[WhiteElo "1969"]
[BlackElo "1430"]
[PlyCount "51"]
[EventDate "2015.06.22"]
[EventType "swiss"]
[EventRounds "9"]
[EventCountry "POL"]
[SourceTitle "EXT 2023"]
[Source "ChessBase"]
[SourceDate "2022.10.05"]
[SourceVersion "1"]
[SourceVersionDate "2022.10.05"]
[SourceQuality "1"]

1. e4 d5 2. exd5 Qxd5 3. Nc3 Qd6 4. d4 Nf6 5. Nf3 Bg4 6. h3 Bxf3 7. Qxf3 c6 8. Be3 e6 9. 0-0-0 a6 10. g4 Qc7 11. g5 Nd5 12. Ne4 Nd7 13. h4 f5 14. gxf6 N7xf6 15. Ng5 Qd6 16. Bh3 Nb4 17. a3 Na2+ 18. Kb1 Nc3+ 19. bxc3 Qxa3 20. Bc1 Qa5 21. Bxe6 Qb6+ 22. Ka1 Be7 23. Bf7+ Kf8 24. Ba2 h6 25. Ne6+ Kg8 26. Rhg1 1-0

[Event "Milanowek-chA 21st"]
[Site "Milanowek"]
[Date "2015.06.22"]
[Round "1.1"]
[White "Liberadzki, Slawomir"]
[Black "Woloszyn, Piotr"]
[Result "1-0"]
[WhiteElo "2040"]
[BlackElo "1430"]
[PlyCount "83"]
[EventDate "2015.06.22"]
[EventType "swiss"]
[EventRounds "9"]
[EventCountry "POL"]
[SourceTitle "EXT 2023"]
[Source "ChessBase"]
[SourceDate "2022.10.05"]
[SourceVersion "1"]
[SourceVersionDate "2022.10.05"]
[SourceQuality "1"]

1. e4 d5 2. exd5 Nf6 3. c4 c6 4. dxc6 Nxc6 5. Nf3 e5 6. d3 Be7 7. Be2 e4 8. dxe4 Bb4+ 9. Nbd2 Nxe4 10. 0-0 Nxd2 11. Bxd2 Bxd2 12. Qxd2 Qxd2 13. Nxd2 0-0 14. Bf3 Nd4 15. Bd5 Be6 16. Bxe6 fxe6 17. Ne4 Rad8 18. Rfd1 Rf4 19. f3 Rf7 20. Rd2 Rxf3 21. Rxd4 Rxd4 22. gxf3 Rxc4 23. Rd1 h6 24. Rd8+ Kh7 25. Rd7 Rc1+ 26. Kf2 Rc2+ 27. Rd2 Rc7 28. Ke3 g5 29. Rd7+ Rxd7 30. Nf6+ Kg6 31. Nxd7 Kf5 32. Nc5 b5 33. Na6 h5 34. b4 g4 35. Nc7 gxf3 36. Kxf3 e5 37. Nxb5 a6 38. Nc7 e4+ 39. Ke3 Kg4 40. Nxa6 Kh3 41. b5 Kxh2 42. b6 1-0

[Event "Milanowek-ch"]
[Site "Milanowek"]
[Date "2014.06.23"]
[Round "5"]
[White "Szustakowski, Antoni"]
[Black "Woloszyn, Piotr"]
[Result "1-0"]
[WhiteElo "1655"]
[BlackElo "1530"]
[PlyCount "101"]
[EventDate "2014.06.21"]
[EventType "swiss"]
[EventRounds "9"]
[EventCountry "POL"]
[SourceTitle "CBM 161 Extra"]
[Source "ChessBase"]
[SourceDate "2014.08.29"]
[SourceVersion "1"]
[SourceVersionDate "2014.08.29"]
[SourceQuality "1"]

1. d4 f5 2. c4 Nf6 3. Nf3 e6 4. g3 c6 5. Bg2 d5 6. 0-0 Bd6 7. b3 0-0 8. Ba3 Bxa3 9. Nxa3 Ne4 10. Qd3 Nd7 11. Nd2 Qa5 12. Nab1 Ndf6 13. Nxe4 dxe4 14. Qd2 Qc7 15. Nc3 Rd8 16. Qb2 Qf7 17. Rfd1 Bd7 18. f3 exf3 19. exf3 Qg6 20. Ne2 Qh6 21. Qd2 Qxd2 22. Rxd2 g5 23. Rad1 Be8 24. Nc3 Rd6 25. a4 Rad8 26. Kf1 e5 27. Ne2 exd4 28. Rxd4 Rxd4 29. Rxd4 Rd7 30. f4 g4 31. Kf2 Kf7 32. Rxd7+ Bxd7 33. c5 Nd5 34. Bxd5+ cxd5 35. Ke3 Kf6 36. Kd4 Bc6 37. Nc1 Ke6 38. b4 b6 39. b5 bxc5+ 40. Kxc5 Bb7 41. Ne2 h5 42. Nd4+ Kf6 43. Kd6 a6 44. bxa6 Bxa6 45. Kxd5 Bf1 46. a5 Kg6 47. Ke5 Bd3 48. Nc6 Kf7 49. Nb4 Be4 50. a6 h4 51. Nd5 1-0

[Event "Milanowek-ch"]
[Site "Milanowek"]
[Date "2012.07.06"]
[Round "7"]
[White "Szustakowski, Antoni"]
[Black "Woloszyn, Piotr"]
[Result "1/2-1/2"]
[WhiteElo "1485"]
[BlackElo "1551"]
[PlyCount "58"]
[EventDate "2012.06.30"]
[EventType "swiss"]
[EventRounds "9"]
[EventCountry "POL"]
[SourceTitle "EXT 2014"]
[Source "ChessBase"]
[SourceDate "2013.11.20"]
[SourceVersion "1"]
[SourceVersionDate "2013.11.20"]
[SourceQuality "1"]

1. d4 c5 2. d5 d6 3. c4 g6 4. Nc3 Bg7 5. Bd2 Nf6 6. e4 Na6 7. f4 e5 8. fxe5 dxe5 9. Nf3 0-0 10. Bd3 Nxe4 11. Bxe4 f5 12. 0-0 fxe4 13. Nxe4 Bf5 14. Qe2 Qd7 15. Bc3 Rae8 16. Rad1 b6 17. b3 Bg4 18. Qd3 Bxf3 19. Rxf3 Rxf3 20. Qxf3 Rf8 21. Qe2 Nc7 22. Rf1 Rf5 23. Rf3 Ne8 24. a3 Qe7 25. Qf2 Rxf3 26. Qxf3 Nd6 27. Nxd6 Qxd6 28. Qe4 a5 29. a4 Bf6 1/2-1/2

[Event "Milanowek-ch"]
[Site "Milanowek"]
[Date "2012.07.05"]
[Round "6"]
[White "Woloszyn, Piotr"]
[Black "Jarzebowski, Kacper"]
[Result "1/2-1/2"]
[WhiteElo "1551"]
[BlackElo "1339"]
[PlyCount "60"]
[EventDate "2012.06.30"]
[EventType "swiss"]
[EventRounds "9"]
[EventCountry "POL"]
[SourceTitle "EXT 2014"]
[Source "ChessBase"]
[SourceDate "2013.11.20"]
[SourceVersion "1"]
[SourceVersionDate "2013.11.20"]
[SourceQuality "1"]

1. g3 e5 2. c4 g6 3. d4 exd4 4. Qxd4 Qf6 5. Qxf6 Nxf6 6. Bf4 d6 7. Nc3 Bd7 8. Bg2 Nc6 9. 0-0-0 Bg7 10. h3 0-0-0 11. e4 Be6 12. Nd5 Bxd5 13. cxd5 Ne5 14. Bxe5 dxe5 15. Ne2 Ne8 16. Nc3 Nd6 17. h4 Rhe8 18. h5 Kb8 19. Kc2 a6 20. Kb3 Ka7 21. Rc1 b6 22. a4 Bh6 23. Rcd1 Bg7 24. hxg6 hxg6 25. Rh7 Bf6 26. Rdh1 Rh8 27. Rxh8 Rxh8 28. Rxh8 Bxh8 29. Kb4 Bg7 30. Bf1 Bf8 1/2-1/2

[Event "Milanowek-ch"]
[Site "Milanowek"]
[Date "2012.07.03"]
[Round "4"]
[White "Woloszyn, Piotr"]
[Black "Trocha, Adam"]
[Result "0-1"]
[WhiteElo "1551"]
[BlackElo "1560"]
[PlyCount "118"]
[EventDate "2012.06.30"]
[EventType "swiss"]
[EventRounds "9"]
[EventCountry "POL"]
[SourceTitle "EXT 2014"]
[Source "ChessBase"]
[SourceDate "2013.11.20"]
[SourceVersion "1"]
[SourceVersionDate "2013.11.20"]
[SourceQuality "1"]

1. e4 c5 2. Nc3 Nc6 3. Nf3 d6 4. h3 Nf6 5. d4 cxd4 6. Nxd4 e6 7. Be2 Be7 8. 0-0 0-0 9. Kh1 Nd7 10. f4 a6 11. a3 Nxd4 12. Qxd4 b5 13. Be3 Bb7 14. Bf3 Nc5 15. Rad1 Qc7 16. f5 Rfd8 17. Qd2 Bf6 18. Bd4 e5 19. Be3 Bc6 20. Nd5 Bxd5 21. Qxd5 Na4 22. Qb3 Rac8 23. c3 Nc5 24. Qc2 Qe7 25. Rd5 Bg5 26. Qf2 Bxe3 27. Qxe3 Nd7 28. Qa7 Rc6 29. Rfd1 Rdc8 30. Qe3 Nb6 31. R5d3 Nc4 32. Qc1 Rd8 33. Kh2 Na5 34. Rd5 Nb3 35. Qe3 Na5 36. Be2 h6 37. Qf2 Nb3 38. Rf1 Nc5 39. Bd3 Na4 40. Bb1 Nb6 41. Rd3 d5 42. exd5 Nxd5 43. Rfd1 Rcd6 44. Qc5 Qb7 45. Rg3 Rc6 46. Qf2 Rcc8 47. Be4 Qb6 48. Qf3 Nf4 49. Rxd8+ Rxd8 50. Qg4 Qf6 51. Qf3 Rd7 52. b3 Qb6 53. Qe3 Qd6 54. c4 Re7 55. Qf3 Qxa3 56. cxb5 axb5 57. f6 g6 58. Bxg6 fxg6 59. Rxg6+ Nxg6 0-1

[Event "Warsaw YMCA Spring-D 92nd"]
[Site "Warsaw"]
[Date "2011.04.05"]
[Round "8"]
[White "Bartczak, Hanna"]
[Black "Woloszyn, Piotr"]
[Result "0-1"]
[WhiteElo "1682"]
[BlackElo "1681"]
[PlyCount "48"]
[EventDate "2011.04.05"]
[EventType "tourn"]
[EventRounds "13"]
[EventCountry "POL"]
[SourceTitle "EXT 2019"]
[Source "ChessBase"]
[SourceDate "2018.10.10"]
[SourceVersion "1"]
[SourceVersionDate "2018.10.10"]
[SourceQuality "1"]

1. d4 d5 2. c4 e6 3. Nf3 Nf6 4. Nc3 Be7 5. e3 Nbd7 6. Be2 c6 7. 0-0 0-0 8. Bd2 dxc4 9. Bxc4 b5 10. Bd3 a6 11. Qe2 Bd6 12. e4 e5 13. Rfc1 Qe7 14. dxe5 Nxe5 15. Nxe5 Bxe5 16. f4 Bd4+ 17. Be3 Bxe3+ 18. Qxe3 Ng4 19. Qg3 Rd8 20. Ne2 Qa7+ 21. Kf1 Rxd3 22. Rd1 Ne3+ 23. Qxe3 Qxe3 24. Ke1 Bg4 0-1

[Event "Warsaw YMCA Autumn-D 81st"]
[Site "Warsaw"]
[Date "2010.11.16"]
[Round "8"]
[White "Bartczak, Hanna"]
[Black "Woloszyn, Piotr"]
[Result "1-0"]
[WhiteElo "1652"]
[BlackElo "1750"]
[PlyCount "123"]
[EventDate "2010.09.21"]
[EventType "tourn"]
[EventRounds "13"]
[EventCountry "POL"]
[SourceTitle "EXT 2019"]
[Source "ChessBase"]
[SourceDate "2018.10.10"]
[SourceVersion "1"]
[SourceVersionDate "2018.10.10"]
[SourceQuality "1"]

1. d4 d5 2. c4 e6 3. Nf3 Nf6 4. e3 Nbd7 5. Nc3 c6 6. Bd3 dxc4 7. Bxc4 b5 8. Bd3 a6 9. 0-0 Be7 10. Bd2 Bb7 11. Ne4 c5 12. Nxf6+ Nxf6 13. Be2 0-0 14. dxc5 Bxc5 15. Bc3 Nd5 16. Bd4 Rc8 17. Rc1 Qe7 18. a3 Rfd8 19. Bxc5 Rxc5 20. Rxc5 Nxe3 21. Qc1 Nxf1 22. Kxf1 Bd5 23. Rc8 h6 24. Qc7 Qxc7 25. Rxc7 Rd6 26. Ne5 f5 27. Bh5 g5 28. Ke2 Bxg2 29. Rd7 Rb6 30. Bg6 a5 31. Bh7+ Kf8 32. Ng6+ Ke8 33. Ne5 a4 34. Bg8 b4 35. Bf7+ Kf8 36. Rd2 Rb5 37. Rd8+ Kg7 38. Nc4 bxa3 39. bxa3 Rd5 40. Rxd5 Bxd5 41. Nd6 Kf6 42. Bh5 g4 43. Nc8 Ke5 44. Nb6 Bc6 45. Kd2 Kd4 46. Bf7 Kc5 47. Nc8 e5 48. Be6 Be4 49. Ne7 Kd6 50. Bxf5 Bf3 51. Ng8 h5 52. Kd3 Kc5 53. Nf6 Bc6 54. Kc3 Bf3 55. Nxh5 e4 56. Nf6 Kd6 57. Nxg4 Bg2 58. Ne3 Bf3 59. Kb4 Kc6 60. h4 Kd6 61. Kxa4 Ke5 62. Bg6 1-0

[Event "Warsaw YMCA Autumn-D 81st"]
[Site "Warsaw"]
[Date "2010.09.28"]
[Round "11"]
[White "Jarmolowski, Tadeusz"]
[Black "Woloszyn, Piotr"]
[Result "1/2-1/2"]
[WhiteElo "1721"]
[BlackElo "1750"]
[PlyCount "142"]
[EventDate "2010.09.21"]
[EventType "tourn"]
[EventRounds "13"]
[EventCountry "POL"]
[SourceTitle "EXT 2019"]
[Source "ChessBase"]
[SourceDate "2018.10.10"]
[SourceVersion "1"]
[SourceVersionDate "2018.10.10"]
[SourceQuality "1"]

1. e4 d5 2. exd5 Nf6 3. d4 Qxd5 4. Nc3 Qa5 5. Nf3 c6 6. Be2 e6 7. 0-0 Be7 8. Bg5 Nbd7 9. Re1 h6 10. Bh4 0-0 11. Bd3 Bd6 12. a3 b5 13. Ne5 Bb7 14. Nxd7 Nxd7 15. Qg4 Rae8 16. Qh5 Qc7 17. h3 Be7 18. Ne4 Bxh4 19. Qxh4 f5 20. Nd2 Qd6 21. Rad1 a6 22. Nf3 Rf6 23. c3 Nf8 24. Ne5 Re7 25. b4 Bc8 26. f4 Nh7 27. Nf3 Bd7 28. Bb1 Be8 29. Ba2 Nf8 30. Ne5 a5 31. Re3 axb4 32. axb4 Ra7 33. Rd2 Qe7 34. Rde2 Ra3 35. g4 fxg4 36. hxg4 Ra7 37. f5 Kh8 38. Nf3 Bf7 39. Ng5 Bg8 40. Nxe6 Rxe6 41. Qxe7 Raxe7 42. fxe6 Ng6 43. Rf2 Re8 44. Kg2 Ne7 45. Kg3 g5 46. Bb3 Kg7 47. Re1 Ng6 48. c4 Rxe6 49. Rxe6 Bxe6 50. d5 bxc4 51. dxe6 cxb3 52. Rb2 Kf6 53. Rxb3 Kxe6 54. Ra3 Nf4 55. Ra6 Kd5 56. Ra5+ Kd6 57. Rf5 Ke6 58. Rf8 Kd5 59. Rf5+ Ke6 60. Kf3 Nd5 61. Rf8 Nxb4 62. Rh8 c5 63. Rxh6+ Kd5 64. Rg6 c4 65. Rxg5+ Kd4 66. Rg8 c3 67. Ke2 Nd5 68. Rd8 Ke4 69. g5 Nf4+ 70. Kd1 Kf5 71. Rg8 Ng6 1/2-1/2

[Event "Milanowek-ch"]
[Site "Milanowek"]
[Date "2010.06.29"]
[Round "4"]
[White "Lasota, Adam"]
[Black "Woloszyn, Piotr"]
[Result "1/2-1/2"]
[WhiteElo "1825"]
[BlackElo "1759"]
[PlyCount "79"]
[EventDate "2010.06.26"]
[EventType "swiss"]
[EventRounds "9"]
[EventCountry "POL"]
[SourceTitle "EXT 2011"]
[Source "ChessBase"]
[SourceDate "2010.11.26"]
[SourceVersion "1"]
[SourceVersionDate "2010.11.26"]
[SourceQuality "1"]

1. d4 d6 2. Nf3 Nf6 3. c4 g6 4. Nc3 Bg7 5. Bf4 Nh5 6. Bg3 c6 7. e3 Bg4 8. Be2 Nd7 9. 0-0 Nxg3 10. hxg3 Bxf3 11. Bxf3 h5 12. Qc2 Nf6 13. Rfe1 Qc7 14. Ne2 e5 15. dxe5 dxe5 16. Rad1 Qe7 17. Nc3 Qe6 18. Ne4 Nxe4 19. Bxe4 f5 20. Bf3 e4 21. Be2 h4 22. gxh4 Rxh4 23. g3 Rh6 24. Bf1 Be5 25. b4 Ke7 26. Bg2 Rah8 27. Qd2 Rh2 28. g4 Bc7 29. Qd4 R8h7 30. Rd2 Qe5 31. Qxe5+ Bxe5 32. Red1 Ke6 33. f3 exf3 34. gxf5+ gxf5 35. Bxf3 Rg7+ 36. Rg2 Rh3 37. Kf2 Rh4 38. Rc1 f4 39. exf4 Rxf4 40. Rc2 1/2-1/2